Bilecik Bilecik Bilecik Bilecik Bilecik

Milli Türkistan hürriyet davası : (Record no. 28923)

MARC details
000 -BAŞLIK
Sabit Uzunluktaki Kontrol Alanı 01347nam a22003737a 4500
001 - KONTROL NUMARASI
Control Dosyası 0029001
003 - KONTROL NUMARASI KİMLİĞİ
Kontrol Alanı KOHA_MİRAKIL
005 - EN SON İŞLEM TARİHİ ve ZAMANI
Kontrol Alanı 20260207002647.0
007 - FİZİKSEL TANIM SABİT ALAN - GENEL BİLGİ
Sabit uzunluklu kontrol alanı ta
008 - SABİT UZUNLUKTAKİ VERİ ÖGELERİ - GENEL BİLGİ
Sabit Alan 110331b2004 tu |||gr||||#||||0|tur |
020 ## - ISBN - ULUSLARARASI STANDART KİTAP NUMARASI
Isbn 9751617324
040 ## - KATALOGLAMA KAYNAĞI
Özgün Kataloglama Kurumu TR-BiSEU
Kataloglama Dili tur
Çeviri Kurumu TR-BiSEU
Açıklama Kuralları rda
041 0# - DİL KODU
Metin ya da ses kaydının dil kodu tur
044 ## - YAYINLAYAN/ÜRETEN KURULUŞUN ÜLKE KODU
ISO country code tu
050 ## - SINIFLAMA ve YER NUMARASI
Sınıflama Numarası DK856
Yer Numarası .H39 2004
100 1# - KİŞİ ADI
Yazar Adı (Kişi adı) Hayit, Baymirza.
245 1# - ESER ADI BİLDİRİMİ
Başlık Milli Türkistan hürriyet davası :
Alt Eseradı vb. ( Türkistan Türkçesiyle metinler )/
Sorumluluk Bildirimi Baymirza Hayit ; Baymirza Hayit ; edt. Timur Kocaoğlu.
264 #1 - ÜRERİM, YAYIN, DAĞITIM ve TELİF BİLDİRİMİ
Yayın yeri Ankara :
Yayınlayan AYK Atatürk Kültür Merkezi Başkanlığı
Yayın tarihi 2004
300 ## - FİZİKSEL TANIMLAMA
Sayfa, Cilt vb. VI, 640 s. ;
Boyutları 24 cm.
336 ## - İÇERİK TÜRÜ
Content type term metin
Content type code txt
Source rdacontent
337 ## - MEDYA TÜRÜ
Media type term aracısız
Media type code n
Source rdamedia
338 ## - TAŞIYICI TÜRÜ
Carrier type term cilt
Carrier type code nc
Source rdacarrier
490 0# - DİZİ BİLDİRİMİ
Dizi Bildirimi Atatürk Yüksek Kurumu Atatürk Kültür Merkezi Yayını : 304.
490 0# - DİZİ BİLDİRİMİ
Dizi Bildirimi Fikir ve Sanat Adamları Dizisi : 20
650 #0 - KONU BAŞLIĞI EK GİRİŞ - KONU TERİMİ
Konusal terim veya coğrafi ad Türkistan.
9 (RLIN) 57419
650 #0 - KONU BAŞLIĞI EK GİRİŞ - KONU TERİMİ
Konusal terim veya coğrafi ad Türk Halkları--Orta Asya.
9 (RLIN) 57420
650 #0 - KONU BAŞLIĞI EK GİRİŞ - KONU TERİMİ
Konusal terim veya coğrafi ad Orta Asya--Bağımsızlık.
9 (RLIN) 57421
650 #0 - KONU BAŞLIĞI EK GİRİŞ - KONU TERİMİ
Konusal terim veya coğrafi ad Turkestan.
9 (RLIN) 57422
650 #0 - KONU BAŞLIĞI EK GİRİŞ - KONU TERİMİ
Konusal terim veya coğrafi ad Turkish peoples--Central Asia.
9 (RLIN) 57423
650 #0 - KONU BAŞLIĞI EK GİRİŞ - KONU TERİMİ
Konusal terim veya coğrafi ad Central Asia--Independence.
9 (RLIN) 57424
830 0# - SERİ EK GİRİŞİ - TEKBİÇİM ESER ADI
Tekbiçim Başlık Atatürk Yüksek Kurumu Atatürk Kültür Merkezi Yayını : 304.
9 (RLIN) 57425
830 0# - SERİ EK GİRİŞİ - TEKBİÇİM ESER ADI
Tekbiçim Başlık Fikir ve Sanat Adamları Dizisi : 20
9 (RLIN) 57426
942 ## - EK GİRİŞ ÖGELERİ (KOHA)
Source of classification or shelving scheme Library of Congress Classification
Koha item type Book
Holdings
Materyal Türü Kalıcı Konum Mevcut Konum Raf Yeri Sınıflandırma Kaynağı Edinim Bilgisi Ana Konular Alt Konular Yer Numarası Demirbaş Numarası Fatura Tarihi Geri Çekilme Durumu Kayıp Durumu Hasarlı Durumu Kredi için değil Kayıt Tarih Toplam Ödünçverme Son Görülme Tarihi Son Kontrol Tarihi Genel / Bağış Notu
Book Prof. Dr. Azmi Özcan Kütüphanesi Prof. Dr. Azmi Özcan Kütüphanesi Uluğbey Salonu Library of Congress Classification Bağış DÜNYA TARİHİ (AVRUPA, ASYA, AFRİKA VB.) Rusya, Sovyetler Birliği, Eski Sovyet Cumhuriyetleri - Polonya DK856 .H39 2004 0029001 02/02/2026         31/03/2011 2 07/05/2025 07/05/2025 Genel Bağış